|
|
|
|
| LEADER |
00539nam a2200133Ia 4500 |
| 001 |
58394 |
| 008 |
170722s9999 xx 000 0 und d |
| 100 |
|
|
|a Narayana Paniker, Kavalam
|
| 245 |
|
|
|a Jabala Sathykaman /
|
| 260 |
|
|
|c 1971.
|
| 942 |
|
|
|c GEN
|
| 999 |
|
|
|c 87559
|d 87559
|
| 952 |
|
|
|0 0
|1 0
|4 0
|6 O_322N276J_L1KRL11
|7 0
|9 122434
|a LIB
|b LIB
|d 2017-08-12
|o O32,2N276,J L1(KR)-L1;1
|p 154662
|r 2017-08-12
|w 2017-08-12
|y GEN
|
| 952 |
|
|
|0 0
|1 0
|4 0
|6 O_322N276J_L1KRL11
|7 0
|9 122435
|a LIB
|b LIB
|d 2017-08-12
|l 1
|o O32,2N276,J L1(KR)-L1;1
|p 154663
|r 2019-07-30
|s 2019-07-02
|w 2017-08-12
|y GEN
|